|
|
|
|
| LEADER |
01210nam a2200253 a 4500 |
| 001 |
3664783 |
| 008 |
100119s1978 ua b 000 0 eng d |
| 010 |
|
|
|a 77000180
|
| 020 |
|
|
|a 0890551197
|
| 040 |
|
|
|a DLC
|c DLC
|d DLC
|d DB-DhAAL
|
| 082 |
0 |
0 |
|a 301.32/1/09621
|
| 100 |
1 |
|
|a Gadalla, Saad M.
|
| 245 |
1 |
0 |
|a Is there hope? :
|b Fertility and family planning in a rural Egyptian community /
|c Saad M. Gadalla.
|
| 260 |
|
|
|a [Cairo] :
|b American University in Cairo Press ;
|a [Chapel Hill] :
|b Carolina Population Center, University of North Carolina at Chapel Hill,
|c 1978.
|
| 300 |
|
|
|a xxiv, 259 p. ;
|c 24 cm.
|
| 500 |
|
|
|a Based on data collected by the Social Research center of the American University in Cairo.
|
| 504 |
|
|
|a Bibliography: p. 253-259.
|
| 541 |
1 |
|
|e 00001533
|
| 650 |
|
0 |
|a Birth control
|z Egypt
|z al-Minūfīyah.
|
| 650 |
|
0 |
|a Fertility, Human
|z Egypt
|z al-Minūfīyah.
|
| 710 |
2 |
|
|a American University in Cairo.
|b Social Research Center.
|
| 852 |
4 |
|
|a Ayesha Abed Library
|j General Shelf.
|
| 999 |
|
|
|c 7083
|d 7083
|
| 952 |
|
|
|0 0
|1 0
|2 ddc
|4 0
|6 301_321096210000000_GAD_1978
|7 0
|9 7356
|a BRACUL
|b BRACUL
|c GEN
|d 2010-01-21
|g 0.00
|l 0
|o 301.32109621 GAD
|p 3010001533
|r 2010-01-21
|t 1
|w 2010-01-21
|y BK
|z Not price in Register
|